| 000 | 00566pam a2200217 a 4500 | ||
|---|---|---|---|
| 020 | _c | ||
| 040 | _aMedical College Lib. | ||
| 041 |
_aENG _hENG |
||
| 082 |
_a617 _bBAI |
||
| 100 | _a Russ., R. C. G. . | ||
| 245 |
_aBailey & Love`s Short Practice Of Surgery / _c _hTextual Documents |
||
| 250 |
_a23th / _b. |
||
| 260 |
_aLondon : _bArnold , _c2000. |
||
| 300 |
_a426 ; _c |
||
| 365 | _a2322.00 | ||
| 653 |
_aSurgery _aSurgery _aMedical Science |
||
| 907 | _a7939 | ||
| 930 | _a4970 | ||
| 999 |
_c4969 _d4969 |
||